[Event "Sudest Regional-ch"]
[Site "Pindamonhangaba"]
[Date "2025.03.23"]
[Round "5"]
[White "Cipolli, Antonio Carlos Rodr"]
[Black "Lopes, Jose Antonio Rodrig"]
[Result "1/2-1/2"]
[WhiteElo "2110"]
[BlackElo "1783"]
[PlyCount "82"]
[EventDate "2025.03.20"]
[EventType "swiss"]
[EventRounds "6"]
[EventCountry "BRA"]
[SourceTitle "CB13_2025"]
[SourceDate "2025.03.26"]
[SourceVersion "1"]
[SourceVersionDate "2025.03.26"]
[SourceQuality "1"]

1. e4 e6 2. d4 d5 3. Nc3 dxe4 4. Nxe4 Nd7 5. Nf3 Ngf6 6. Nxf6+ Nxf6 7. Bd3 c5 8. 0-0 cxd4 9. Nxd4 Bc5 10. Bb5+ Bd7 11. Bxd7+ Qxd7 12. Be3 Nd5 13. Nb3 Bxe3 14. fxe3 0-0 15. e4 Nf6 16. Qxd7 Nxd7 17. Rad1 Rfd8 18. Nd4 Rac8 19. Nb5 Ne5 20. Nxa7 Ra8 21. Nb5 g6 22. Nc3 Nc4 23. Rxd8+ Rxd8 24. Rd1 Rc8 25. Rb1 Nd2 26. Re1 Nc4 27. Nd1 Rd8 28. b3 Na3 29. c4 Nb1 30. Nf2 Nc3 31. a3 Rd2 32. Re3 Ne2+ 33. Kf1 Nd4 34. b4 Ra2 35. Rd3 Nc2 36. c5 Kf8 37. Rd8+ Ke7 38. Rb8 Ne3+ 39. Ke1 Nxg2+ 40. Kf1 Ne3+ 41. Ke1 Ng2+ 1/2-1/2

[Event "Sudest Regional-ch"]
[Site "Pindamonhangaba"]
[Date "2025.03.22"]
[Round "4"]
[White "Lopes, Jose Antonio Rodrig"]
[Black "Leal, Marco Antonio Domin"]
[Result "1-0"]
[WhiteElo "1783"]
[BlackElo "1640"]
[PlyCount "67"]
[EventDate "2025.03.20"]
[EventType "swiss"]
[EventRounds "6"]
[EventCountry "BRA"]
[SourceTitle "CB13_2025"]
[SourceDate "2025.03.26"]
[SourceVersion "1"]
[SourceVersionDate "2025.03.26"]
[SourceQuality "1"]

1. e4 e5 2. Nf3 Nc6 3. Bc4 Bc5 4. c3 Nf6 5. d3 d6 6. Nbd2 0-0 7. h3 a6 8. Bb3 Be6 9. Bc2 d5 10. exd5 Bxd5 11. 0-0 Re8 12. Ne4 Nxe4 13. dxe4 Be6 14. Qe2 f6 15. Bb3 Qe7 16. Nh4 Bxb3 17. axb3 Qe6 18. b4 Bf8 19. Be3 Rad8 20. g4 Ne7 21. Kh2 g5 22. Nf5 Ng6 23. b5 Nf4 24. Bxf4 exf4 25. bxa6 bxa6 26. Ra5 Qxe4 27. Qxe4 Rxe4 28. b4 Rc4 29. Rxa6 Kf7 30. Re1 Rxc3 31. Ree6 Rb3 32. Rxf6+ Kg8 33. Ra7 Rd7 34. Ra8 1-0

[Event "Sao Jose dos Campos op"]
[Site "Sao Jose dos Campos"]
[Date "2023.05.28"]
[Round "5"]
[White "Lopes, Jose Antonio Rodrig"]
[Black "Nobre, Jailson Altair Barb"]
[Result "1-0"]
[WhiteElo "1267"]
[BlackElo "1625"]
[PlyCount "105"]
[EventDate "2023.05.26"]
[EventType "swiss"]
[EventRounds "5"]
[EventCountry "BRA"]
[SourceTitle "CBM 214 Extra"]
[Source "ChessBase"]
[SourceDate "2023.07.31"]
[SourceVersion "1"]
[SourceVersionDate "2023.07.31"]
[SourceQuality "1"]

1. e4 c5 2. Nf3 e6 3. d4 cxd4 4. Nxd4 a6 5. Be2 Qc7 6. Nc3 Nf6 7. 0-0 d6 8. Be3 Be7 9. Qd2 0-0 10. f4 Nc6 11. Nb3 b5 12. a3 Bb7 13. Bf3 Rfd8 14. Rad1 Rac8 15. Qf2 Qb8 16. Rd2 Nd7 17. Rfd1 Nc5 18. Nxc5 dxc5 19. e5 Rxd2 20. Rxd2 Na5 21. Bxb7 Qxb7 22. b3 b4 23. axb4 cxb4 24. Na4 h6 25. Bb6 Nc6 26. Bc5 Bxc5 27. Nxc5 Qb5 28. Ne4 Rc7 29. Nd6 Qa5 30. g3 Ne7 31. Nc4 Qa1+ 32. Kg2 Nd5 33. f5 a5 34. fxe6 fxe6 35. Qd4 Qe1 36. Qd3 Rd7 37. Qe2 Qxe2+ 38. Rxe2 Nc3 39. Rd2 Rxd2+ 40. Nxd2 a4 41. bxa4 Nxa4 42. Kf3 Nc5 43. Ke3 Kf7 44. Kd4 Nd7 45. Nf3 Nb6 46. Ne1 Nd5 47. Ng2 g5 48. Ne3 Nxe3 49. Kxe3 Kg6 50. Kd4 Kf7 51. g4 Ke7 52. Kc5 Kd7 53. Kb6 1-0

[Event "Sao Jose dos Campos op"]
[Site "Sao Jose dos Campos"]
[Date "2023.05.27"]
[Round "2"]
[White "Dias, Juliane de Oliveira"]
[Black "Lopes, Jose Antonio Rodrig"]
[Result "0-1"]
[WhiteElo "1646"]
[BlackElo "1267"]
[PlyCount "120"]
[EventDate "2023.05.26"]
[EventType "swiss"]
[EventRounds "5"]
[EventCountry "BRA"]
[SourceTitle "CBM 214 Extra"]
[Source "ChessBase"]
[SourceDate "2023.07.31"]
[SourceVersion "1"]
[SourceVersionDate "2023.07.31"]
[SourceQuality "1"]

1. d4 e6 2. Nc3 d5 3. Bf4 Bd6 4. Qd2 Nf6 5. f3 0-0 6. Nb5 a6 7. Nxd6 cxd6 8. Qb4 Nc6 9. Qxd6 Nxd4 10. Qxd8 Rxd8 11. 0-0-0 Nc6 12. Bg5 e5 13. e3 Be6 14. Ne2 Rac8 15. Kb1 Nb4 16. Rd2 Bf5 17. Nc3 d4 18. exd4 Nxc2 19. Bd3 Bxd3 20. Rxd3 Nb4 21. Rd2 exd4 22. Ne4 Nxe4 23. fxe4 f6 24. Bh4 Rd7 25. Rhd1 Nc6 26. Bf2 Re8 27. Bxd4 Rxe4 28. Bc3 Rde7 29. Kc2 Kf7 30. a3 Kg6 31. Rd3 Ne5 32. Bxe5 Re2+ 33. R1d2 R7xe5 34. Rd7 Rxd2+ 35. Kxd2 Rb5 36. Kc3 h5 37. b4 Kh6 38. Kd4 a5 39. Kc4 Rg5 40. g3 b5+ 41. Kc3 a4 42. Rd3 Re5 43. h4 Kg6 44. Kd4 Kf5 45. Rf3+ Kg4 46. Rc3 Kh3 47. Rf3 Kg2 48. Rc3 g5 49. hxg5 Rxg5 50. Ke4 Rxg3 51. Rc2+ Kh3 52. Rc5 Rg5 53. Rc3+ Kg4 54. Rc6 Re5+ 55. Kd4 Kg5 56. Rc1 h4 57. Rg1+ Kh6 58. Rf1 Kg6 59. Rg1+ Rg5 60. Rh1 Rh5 0-1

[Event "Taubate op 3rd"]
[Site "Taubate"]
[Date "2022.12.02"]
[Round "2"]
[White "Figueira, Leandro Lucas"]
[Black "Lopes, Jose Antonio Rodrig"]
[Result "1-0"]
[WhiteElo "1415"]
[BlackElo "1268"]
[PlyCount "95"]
[EventDate "2022.12.01"]
[EventType "swiss"]
[EventRounds "6"]
[EventCountry "BRA"]
[SourceTitle "CBM 211 Extra"]
[Source "ChessBase"]
[SourceDate "2023.01.31"]
[SourceVersion "1"]
[SourceVersionDate "2023.01.31"]
[SourceQuality "1"]

1. d4 e6 2. Bf4 d5 3. Nf3 c5 4. c3 Nc6 5. Nbd2 cxd4 6. cxd4 Bd6 7. Bxd6 Qxd6 8. e3 e5 9. dxe5 Nxe5 10. Nxe5 Qxe5 11. Bb5+ Bd7 12. Bxd7+ Kxd7 13. Nf3 Qd6 14. Qd4 Nf6 15. 0-0 Rhe8 16. Rac1 Re4 17. Qd3 Rc8 18. Qb5+ Kd8 19. Qxb7 Rc7 20. Qb8+ Kd7 21. Qb5+ Ke7 22. Nd4 Kd8 23. Nc6+ Kd7 24. Nxa7+ Ke6 25. Rxc7 Qxc7 26. Qc6+ Qd6 27. Qxd6+ Kxd6 28. Nb5+ Kc5 29. Nd4 Kb6 30. b4 Re8 31. a4 Rb8 32. Rc1 Nd7 33. Rc6+ Kb7 34. a5 Ne5 35. Rb6+ Ka7 36. Nb5+ Ka8 37. Nc7+ Ka7 38. Rxb8 Kxb8 39. Nxd5 Kb7 40. Kf1 Nc6 41. Ke2 Ka6 42. Kd3 Kb5 43. e4 f6 44. Kc3 Nb8 45. f4 Nc6 46. Nc7+ Ka4 47. Kc4 Nxb4 48. a6 1-0